| 000 | 00637nam a22002052 4500 | ||
|---|---|---|---|
| 001 | 0000000584 | ||
| 005 | 20151217151750.0 | ||
| 008 | 070212s xx 000 0 eng d | ||
| 020 |
_a0830826662 : _cKES 300 |
||
| 040 |
_aKABU _cKABU |
||
| 050 | 0 |
_aBR115 _b.H43W55 |
|
| 100 | 1 |
_aWiker, Benjamin. _@0000148817 |
|
| 245 | 1 | 0 |
_aHow we became hedonists moral Darwinism / _cBenjamin Wiker. |
| 260 |
_aDowners Grove, Ill. : _bInter-Varsity Press, _c2002. |
||
| 300 | _a327 p. | ||
| 650 | 0 |
_aHedonism _xReligious aspects _xChristianity. _@0000148818 |
|
| 908 | _a070212 | ||
| 950 | _@1 | ||
| 999 |
_c4808 _d4808 |
||